3D Dress Designs: Food and Drink II Quiz Stats

 Plays Quiz not verified by Sporcle

Support Sporcle.
Go Orange.
Score 0/20 Timer 08:00
1 Play Today
% Correct
Pasta
96.9%
Shrimp
95.7%
Potato Chips
93.8%
Hamburger Ingredients
93.2%
Swiss Cheese
91.4%
Cotton Candy
90.7%
French Fries
90.7%
Coffee Beans
90.1%
Pepperoni Pizza
90.1%
Honey
89.5%
% Correct
Hard Candies
87.7%
Croissant
87%
Red Cabbage
85.8%
Cereal
84.6%
Sunflower Seeds
79.6%
Omelette Ingredients
76.5%
Flour
63%
Peanut Butter
51.9%
Marshmallows
50.6%
Jam
42.6%

You're not logged in!

Compare scores with friends on all Sporcle quizzes.
OR
Log In

From the Vault

To Live or Die in the US

by druhutch

"Do not be too eager to deal out death in judgement. For even the very wise cannot see all ends." - J. R. R. Tolkien, The Fellowship of the Ring
Remove Ads.
Support Sporcle.
Get the best of Sporcle when you Go Orange. This ad-free experience offers more features, more stats, and more fun while also helping to support Sporcle. Thank you for becoming a member.

Show Comments

Extras

Top Quizzes Today


Score Distribution

Your Account Isn't Verified!

In order to create a playlist on Sporcle, you need to verify the email address you used during registration. Go to your Sporcle Settings to finish the process.

Report this User

Report this user for behavior that violates our Community Guidelines.

Details: